000 00648nam a2200193Ia 4500
003 GCL
008 140319s9999 xx 000 0 ara d
040 _aGCL /
_cGCL
082 0 4 _a646.74
_bه د
100 1 _aهزار الزيات
245 1 0 _aالمكياج ومستحضرات التجميل: العيون والشفاه والوجه /
_cهزار الزيات
700 1 _aليلى ياسمين
300 _a136 ص
490 _aكونى جميلة موسوعة عالم المراة العصرية
_v0
650 0 4 _aمستحضرات التجميل
650 0 4 _aالمكياج
650 0 4 _aالمرأة - تجميل
942 _2ddc
_cBK
999 _c47794
_d47794